Threads of Identity : Maya Costume of the 1960s in Highland Guatemala /
Catálogo de una exposición de atuendos mayas de la región de los Altos de Guatemala, presentada en el Museo Fowler de Historia Cultural de la Universidad de California, en Los Angeles, Estados Unidos. Las autoras de la publicación abordan los antecedentes históricos y características textiles de dic...
שמור ב:
| מחבר ראשי: | |
|---|---|
| מחברים אחרים: | |
| פורמט: | ספר |
| שפה: | אנגלית |
| יצא לאור: |
Los Angeles, EUA :
University of California, Fowler Museum of Cultural History,
1992, c1992
|
| נושאים: | |
| תגים: |
אין תגיות, היה/י הראשונ/ה לתייג את הרשומה!
|
MARC
| LEADER | 00000nam^a2200000^a^4500 | ||
|---|---|---|---|
| 001 | 000147380 | ||
| 005 | 20250521000000.0 | ||
| 009 | 20260310095944.558 | ||
| 020 | |a 0-930741-24-2 | ||
| 037 | |a Acervo ITESO - Biblioteca | ||
| 041 | |a ING | ||
| 082 | |a 746. 92097281 |b ALT | ||
| 100 | |a Altman, Patricia B. |e (autor) | ||
| 245 | 1 | 0 | |a Threads of Identity : |b Maya Costume of the 1960s in Highland Guatemala / |c P.B. Altman, C.D. West ; pról. de Christopher B. Donnan, Doran H. Ross. |
| 264 | 4 | |a Los Angeles, EUA : |b University of California, Fowler Museum of Cultural History, |c 1992, c1992 | |
| 300 | |a 190 p. | ||
| 336 | |a texto |b txt |2 rdacontenido | ||
| 337 | |a sin mediación |b n |2 rdamedio | ||
| 338 | |a volumen |b nc |2 rdasoporte | ||
| 520 | |a Catálogo de una exposición de atuendos mayas de la región de los Altos de Guatemala, presentada en el Museo Fowler de Historia Cultural de la Universidad de California, en Los Angeles, Estados Unidos. Las autoras de la publicación abordan los antecedentes históricos y características textiles de dichas vestimentas, pero también la vinculación que guardan con sus localidades de procedencia, con el idioma que hablan sus portadores y en suma, con la constitución de una identidad cultural. | ||
| 649 | |a XX | ||
| 650 | |a Mayas - |x Condiciones Sociales y Culturales | ||
| 650 | |a Indígenas de América Central - |z Guatemala - |x Condiciones Sociales y Culturales | ||
| 650 | |a Vestido - |z Guatemala | ||
| 650 | |a Prácticas Culturales - |z Guatemala | ||
| 650 | |a Identidad Cultural - |z Guatemala | ||
| 650 | |a Etnología | ||
| 650 | |a Antropología Cultural | ||
| 650 | |a Diseño Textil - |z Guatemala - |x Exposiciones | ||
| 650 | |a Diseño Textil - |z Guatemala - |x Catálogos | ||
| 650 | |a Diseño Textil - |z Guatemala - |x Historia | ||
| 650 | |a Artesanía - |z Guatemala - |x Exposiciones | ||
| 650 | |a Artesanía - |z Guatemala - |x Catálogos | ||
| 650 | |a Artesanía - |z Guatemala - |x Historia y Crítica | ||
| 650 | |a Arte Popular - |z Guatemala - |x Exposiciones | ||
| 650 | |a Arte Popular - |z Guatemala - |x Catálogos | ||
| 650 | |a Arte Popular - |z Guatemala - |x Historia y Crítica | ||
| 650 | |a Arte Maya - |x Exposiciones | ||
| 650 | |a Arte Maya - |x Catálogos | ||
| 650 | |a Arte Maya - |x Historia y Crítica | ||
| 650 | |a Arte Maya - |y Siglo XX | ||
| 650 | |a Arte Guatemalteco - |x Exposiciones | ||
| 650 | |a Arte Guatemalteco - |x Catálogos | ||
| 650 | |a Arte Guatemalteco - |x Historia y Crítica | ||
| 650 | |a Arte Guatemalteco - |y Siglo XX | ||
| 650 | |a Museos de Antropología - |z Los Angeles, EUA | ||
| 650 | |a Museos Históricos - |z Los Angeles, EUA | ||
| 650 | |a Museos y Galerías - |z Los Angeles, EUA | ||
| 700 | |a West, Caroline D. |e (autor) | ||
| 910 | |a Fondo General | ||
| 920 | |a Impresos - Libros | ||
| 930 | |a Reserva Especial | ||
| 905 | |a 103 | ||
| 901 | |a 0500076902 |b IT1 |c REE |u 20250521 | ||
| 902 | |a https://opac.biblio.iteso.mx/vufind/Record/000147380 | ||